| 000 | 00898nam a2200229Ia 4500 | ||
|---|---|---|---|
| 003 | IN-BaIIA | ||
| 008 | 211028s9999 xx 000 0 eng d | ||
| 020 | _a978-0521-361255 | ||
| 040 | _cIIA Library | ||
| 080 |
_a524.834(082.2) _bHIG |
||
| 100 |
_aIyer, B. R _916433 |
||
| 111 |
_aInternational Conference on Gravitation and Cosmology _cGoa _d1987 Dec. 14-19 _932638 |
||
| 245 | 0 |
_aHighlights in gravitation and cosmology _bproceedings of the International Conference on gravitation and cosmology, held in Goa, india, 14 - 19 December, 1987 _cB R Iyer, A K Kembhavi and Jayant Vishnu Narlikar |
|
| 260 |
_aCambridge _bCambridge University Press _c1988 |
||
| 300 | _a[various pagings.] | ||
| 650 | _aAstronomy and Astrophysics thesaurus | ||
| 650 | _aCosmology | ||
| 650 | _aGravitation | ||
| 700 |
_aKembhavi, Ajit., ed. _926045 |
||
| 700 |
_aNarlikar, Jayant V., ed. _922742 |
||
| 942 | _cBK | ||
| 999 |
_c17315 _d17315 |
||